| 000 | 01498nam2a22002771 4500 | ||
|---|---|---|---|
| 001 | v19\rc\1360942 | ||
| 005 | 20250618114227.0 | ||
| 035 | _a(NLR Aleph) 004553841 | ||
| 090 |
_a2179825 _c2179825 |
||
| 100 | _a20060512d1916 |||y0rusy50 ca | ||
| 101 | 0 | _arus | |
| 102 | _aRU | ||
| 105 | _ay z ||||| | ||
| 200 | 0 | _aочередной сессии 1915 года и чрезвычайных собраний 4-го января, 21-го июня и 30-го августа 1915 года | |
| 210 |
_d1916 _aБ. м. |
||
| 215 | _a532, XII с. | ||
| 461 | 0 |
_1001v19\rc\1360883 _12001#$aЖурналы Нежинского... уездного земского собрания...$vочередной сессии 1915 года и чрезвычайных собраний 4-го января, 21-го июня и 30-го августа 1915 года _92179023 _aНежинское уезд. земское собрание _cНежин _d[1866]-1916 _tЖурналы Нежинского... уездного земского собрания... _vочередной сессии 1915 года и чрезвычайных собраний 4-го января, 21-го июня и 30-го августа 1915 года |
|
| 801 | 0 |
_aRU _bNLR _gpsbo |
|
| 801 | 0 |
_aRU _bRuMoRGB _2psbo |
|
| 801 | 1 |
_aRU _bProSoft-M _2rusmarc |
|
| 852 |
_aNLR _bЗем _j46-9/Ж1 |
||
| 899 |
_aRuMoRGB (1865-1915*) _jF 777/29 |
||
| 899 |
_aRuMoRGB (1865-1915*) _jF 177/31 |
||
| 899 | _aБАН (1867-1915*) | ||
| 942 | _cBOOK | ||
| 980 | _aNB | ||